Longest Air Routes in the World on a Map - Statistics

General Stats
  • This quiz has been taken 677 times
    206 since last reset
  • The average score is 52 of 55
Answers on the Map
Answers color-coded by a green-red scale on the quiz's map according to % correct below.
 
Answer Stats
Cities Hint % Correct
Dubai 13,529 km
99%
Dubai 13,230 km
99%
Dubai 13,084 km
99%
Dubai
99%
London
99%
Los Angeles 14,114 km
99%
Los Angeles
99%
New York 15,344 km
99%
New York 14,207 km
99%
New York 13,712 km
99%
New York 13,014 km
99%
Mexico City
98%
Paris
98%
Rome
98%
Sydney
98%
Manila
97%
Manila
97%
Mumbai
97%
Singapore 12,952 km
97%
Singapore
97%
Singapore
97%
Singapore
97%
San Francisco 14,004 km
96%
San Francisco 13,593 km
96%
San Francisco 13,581 km
96%
San Francisco
96%
Cape Town 13,144 km
95%
Hong Kong
95%
Johannesburg 13,593 km
95%
Melbourne
95%
Perth 14,472 km
95%
Perth 14,207 km
95%
Perth 13,363 km
95%
Seattle 12,990 km
95%
Auckland 14,499 km
94%
Auckland 14,200 km
94%
Auckland
94%
Dallas/Fort Worth 14,264 km
94%
Dallas/Fort Worth 13,804 km
94%
Dallas/Fort Worth 13,367 km
94%
Doha 13,409 km
94%
Doha 13,041 km
94%
Doha 12,988 km
94%
Doha
94%
Toronto 13,354 km
94%
Atlanta
93%
Atlanta
93%
Houston 13,834 km
93%
Houston
93%
Houston
93%
Brisbane
89%
Jeddah 13,420 km
86%
Newark 14,535 km
82%
Bengaluru
79%
Shenzhen 14,147 km
62%
No matching quizzes found
Score Distribution
Percent of People with Each Score
Percentile by Number Answered
Your Score History
You have not taken this quiz since the last reset